Solo el amor es digno de fe

Saved in:
Bibliographic Details
Main Author: Balthasar, Hans Urs von (Author)
Format: Book
Language:Spanish
Published: Salamanca Sígueme 1999
Edition:5a. ed
Series:Verdad e Imagen Minor, 8
Subjects:
Tags: Add Tag
No Tags, Be the first to tag this record!

MARC

LEADER 00000cam a2200000 a 4500
001 UCD3091
003 CL-VaPUC
008 160526e19990000sp |||||||||||||||||spa|d
020 |a 8430100059 
082 0 4 |a 231.6  |b BAL  |2 21 
100 0 |a Balthasar, Hans Urs von  |e author  |9 586458 
245 1 0 |a Solo el amor es digno de fe 
250 |a 5a. ed 
300 |a 142 p 
942 |c BK 
945 |d 20160526 21:26:00  |a dcastane 
260 |a Salamanca  |b Sígueme  |c 1999 
650 0 |a Amor de Dios  |9 329567 
650 0 |a Aspectos religiosos  |9 257320 
583 |a last modification  |c 20160526 21:26:00  |k Rodrigo Vera 
490 0 |a Verdad e Imagen Minor, 8 
999 |c 364155  |d 364153 
952 |0 0  |1 0  |3 erb  |4 0  |6 231_600000000000000_BAL_1999  |7 0  |8 A  |9 477099  |a BIBTEO  |b BIBTEO  |e Villagrán Garnham, Jorge  |i 5311489  |o 231.6 BAL 1999  |p 5311489  |r 2025-01-17  |w 2019-11-24  |y BK  |z Catalogado en:20160526  |k ICR